UK Theme Parks - Statistics

General Stats
  • This quiz has been taken 81 times
  • The average score is 8 of 20
Answer Stats
Location (County + Country) Theme Park % Correct
Staffordshire, England Alton Towers
94%
Surrey, England Thorpe Park
92%
Greater London, England Chessington World of Adventures
77%
Berkshire, England Legoland Windsor
72%
Lancashire, England Blackpool Pleasure Beach
66%
Yorkshire, England Flamingo Land
65%
Staffordshire, England Drayton Manor
61%
Hampshire, England Paultons Park
52%
Pembrokeshire, Wales Oakwood
51%
Essex, England Adventure Island
39%
Yorkshire, England Lightwater Valley
27%
Lanarkshire, Scotland M&Ds
24%
Suffolk, England Pleasurewood Hills
20%
Glamorgan, Wales Barry Island Pleasure Park
13%
Kent, England Dreamland
10%
Norfolk, England Joyland
4%
Aberdeen, Scotland Codona's
1%
Gwynedd, Wales GreenWood
1%
Highlands, Scotland Landmark Forest Adventure Park
0%
Bangor, Northern Ireland Pickie Funpark
0%
No matching quizzes found
Score Distribution
Percent of People with Each Score
Percentile by Number Answered
Your Score History
You have not taken this quiz